Normal view
MARC view
- Alimentos
Entry Materia
001 - NÚMERO DE CONTROL DEL REGISTRO
- campo de control: 2274
003 - IDENTIFICADOR DE NUMERO DE CONTROL
- campo de control: MX-MxUPN
005 - FECHA Y HORA DE LA ÚLTIMA TRANSACCIÓN
- campo de control: 20260205092439.0
008 - DATOS DE LONGITUD FIJA
- campo de control de longitud fija: 260205n| fcnnnbabn | ana |d
035 ## - NÚMERO DE CONTROL DEL SISTEMA
- Número de control del sistema: UPN10000002274
040 ## - FUENTE DE LA CATALOGACIÓN
- Centro catalogador de origen: MX-MxUPN
- Lengua de catalogación: spa
- Agencia de transcripción: MX-MxUPN
150 ## - ENCABEZAMIENTO - TEMÁTICO
- Término de materia o nombre geográfico como elemento inicial: Alimentos
- Subdivisión de materia general: Hábitos
- Subdivisión de materia general: Estudio y enseñanza (Elemental)
670 ## - FUENTE EN LA QUE SE LOCALIZARON DATOS
- Cita de la fuente: LC
- Información localizada: Food habits - Study and teaching (Elementary)
902 ## - CATALOGADOR
- Catalogador: MMA/010604
